000 00277nam a22001337a 4500
008 170331b xxu||||| |||| 00| 0 eng d
020 _a08188502584
041 _aeng
080 _a616-053.2
100 _a8
101 _aSHM
245 _aINFANCY
_cSHERROD.K
942 _2udc
_cBK
999 _c9266
_d9266